[Event "CRO-chT 16th"]
[Site "Sibenik"]
[Date "2007.05.20"]
[Round "4"]
[White "Mikhalchishin, Adrian"]
[Black "Bukal, Vladimir Sr"]
[Result "1/2-1/2"]
[WhiteElo "2527"]
[BlackElo "2419"]
[PlyCount "82"]
[EventDate "2007.05.17"]
[EventType "team"]
[EventRounds "5"]
[EventCountry "CRO"]
[SourceTitle "CBM 118 Extra"]
[Source "ChessBase"]
[SourceDate "2007.07.04"]
[SourceVersion "1"]
[SourceVersionDate "2007.07.04"]
[SourceQuality "1"]

1. d4 d5 2. c4 c6 3. Nf3 Nf6 4. e3 a6 5. Qc2 Bg4 6. Ne5 Bh5 7. Qb3 Ra7 8. cxd5 cxd5 9. Bd2 e6 10. Nc3 Nbd7 11. Rc1 Bd6 12. f4 0-0 13. Bd3 Bg6 14. Nxg6 hxg6 15. 0-0 b5 16. a4 b4 17. Ne2 Ne4 18. Bxe4 dxe4 19. Rc6 Nf6 20. Ng3 Be7 21. Rfc1 Qd5 22. Qxd5 exd5 23. Rc7 Rfa8 24. Rxa7 Rxa7 25. Rc8+ Kh7 26. a5 Nd7 27. Ne2 Rb7 28. Nc1 b3 29. Rc3 Ba3 30. Rxb3 Rxb3 31. Nxb3 Bxb2 32. Bb4 Kg8 33. Kf2 Nb8 34. Nc5 f5 35. Ke2 g5 36. Ne6 Nc6 37. Bd2 Kf7 38. Nxg5+ Kf6 39. h4 Ba3 40. h5 Bb4 41. Bxb4 Nxb4 1/2-1/2

[Event "CRO-chT 16th"]
[Site "Sibenik"]
[Date "2007.05.18"]
[Round "2"]
[White "Bukal, Vladimir Sr"]
[Black "Petrov, Jole"]
[Result "1/2-1/2"]
[WhiteElo "2419"]
[BlackElo "2421"]
[PlyCount "32"]
[EventDate "2007.05.17"]
[EventType "team"]
[EventRounds "5"]
[EventCountry "CRO"]
[SourceTitle "CBM 118 Extra"]
[Source "ChessBase"]
[SourceDate "2007.07.04"]
[SourceVersion "1"]
[SourceVersionDate "2007.07.04"]
[SourceQuality "1"]

1. c4 e6 2. Nc3 d5 3. d4 Nf6 4. cxd5 exd5 5. Bg5 c6 6. Qc2 Be7 7. e3 Nbd7 8. Bd3 0-0 9. Nf3 Re8 10. h3 Nf8 11. Bf4 Ng6 12. Bh2 Bd6 13. 0-0-0 Bxh2 14. Nxh2 Qe7 15. g4 Bd7 16. Kb1 Rac8 1/2-1/2

[Event "AUT-chT2M 0607"]
[Site "Austria"]
[Date "2007.03.31"]
[Round "10.3"]
[White "Kilgus, Georg"]
[Black "Bukal, Vladimir Sr"]
[Result "1-0"]
[WhiteElo "2360"]
[BlackElo "2414"]
[PlyCount "85"]
[EventDate "2006.10.28"]
[EventType "team-tourn"]
[EventRounds "11"]
[EventCountry "AUT"]
[SourceTitle "EXT 2007"]
[Source "ChessBase"]
[SourceDate "2006.11.23"]
[SourceVersion "1"]
[SourceVersionDate "2006.11.23"]
[SourceQuality "1"]
[WhiteTeam "Fuerstenfeld"]
[BlackTeam "Trofaiach Niklasdorf"]
[WhiteTeamCountry "AUT"]
[BlackTeamCountry "AUT"]

1. d4 d5 2. c4 c6 3. Nf3 Nf6 4. e3 a6 5. Qc2 e6 6. Nbd2 Bd6 7. c5 Bc7 8. b4 Nbd7 9. Bb2 Qe7 10. Bd3 e5 11. dxe5 Nxe5 12. Nxe5 Bxe5 13. 0-0 0-0 14. Rfe1 Bxb2 15. Qxb2 a5 16. a3 axb4 17. axb4 Rxa1 18. Rxa1 Re8 19. Qd4 Bd7 20. Ra7 Rb8 21. Nf3 Qd8 22. Ne5 Be8 23. g4 h6 24. h4 Nd7 25. Nxd7 Bxd7 26. Qf4 Be8 27. g5 hxg5 28. hxg5 g6 29. Kg2 Bd7 30. Ra1 Ra8 31. Rh1 Qf8 32. Rh6 Qg7 33. Qd6 Bf5 34. Bxf5 gxf5 35. Qf4 Rd8 36. Rf6 d4 37. exd4 Qh7 38. Rd6 Re8 39. Rh6 Qg7 40. Qxf5 Rd8 41. d5 cxd5 42. b5 Qd4 43. Qh7+ 1-0

[Event "Zagreb op"]
[Site "Zagreb"]
[Date "2007.03.21"]
[Round "5"]
[White "Brumen, Dinko"]
[Black "Bukal, Vladimir Sr"]
[Result "1/2-1/2"]
[WhiteElo "2367"]
[BlackElo "2419"]
[PlyCount "21"]
[EventDate "2007.03.17"]
[EventType "swiss"]
[EventRounds "9"]
[EventCountry "CRO"]
[SourceTitle "CBM 117 Extra"]
[Source "ChessBase"]
[SourceDate "2007.05.09"]
[SourceVersion "1"]
[SourceVersionDate "2007.05.09"]
[SourceQuality "1"]

1. Nf3 d5 2. d4 Nf6 3. c4 c6 4. cxd5 cxd5 5. Nc3 Nc6 6. Bf4 a6 7. e3 Bg4 8. Be2 e6 9. 0-0 Bd6 10. Bxd6 Qxd6 11. h3 1/2-1/2

[Event "Zagreb op"]
[Site "Zagreb"]
[Date "2007.03.19"]
[Round "3"]
[White "Vrsek, Ivan"]
[Black "Bukal, Vladimir Sr"]
[Result "0-1"]
[WhiteElo "2103"]
[BlackElo "2419"]
[PlyCount "64"]
[EventDate "2007.03.17"]
[EventType "swiss"]
[EventRounds "9"]
[EventCountry "CRO"]
[SourceTitle "CBM 117 Extra"]
[Source "ChessBase"]
[SourceDate "2007.05.09"]
[SourceVersion "1"]
[SourceVersionDate "2007.05.09"]
[SourceQuality "1"]

1. d4 d5 2. c4 c6 3. Nf3 Nf6 4. Nc3 a6 5. e3 e6 6. a3 dxc4 7. Bxc4 b5 8. Bb3 c5 9. 0-0 Bb7 10. Qe2 Nbd7 11. Rd1 Qb6 12. a4 c4 13. Bc2 b4 14. a5 Qc7 15. Na4 b3 16. Bb1 Qxa5 17. e4 Rc8 18. Bg5 h6 19. Bf4 Qh5 20. Qd2 Nxe4 21. Bxe4 Bxe4 22. Ne5 Bc2 23. g4 Qh3 24. Nxd7 Qxg4+ 25. Bg3 Bxd1 26. Rxd1 Bb4 27. Qxb4 Qxd1+ 28. Kg2 Qxd4 29. Nab6 Rd8 30. Nxc4 Qxd7 31. Nd6+ Kf8 32. Qxb3 Kg8 0-1

[Event "CRO-ch"]
[Site "Kutina"]
[Date "2006.11.21"]
[Round "11"]
[White "Jankovic, Alojzije"]
[Black "Bukal, Vladimir Sr"]
[Result "1/2-1/2"]
[WhiteElo "2533"]
[BlackElo "2426"]
[PlyCount "94"]
[EventDate "2006.11.11"]
[EventType "tourn"]
[EventRounds "11"]
[EventCountry "CRO"]
[EventCategory "11"]
[SourceTitle "EXT 2007"]
[Source "ChessBase"]
[SourceDate "2006.11.23"]
[SourceVersion "1"]
[SourceVersionDate "2006.11.23"]
[SourceQuality "1"]

1. d4 d5 2. c4 c6 3. Nc3 Nf6 4. Nf3 a6 5. e3 b5 6. c5 g6 7. Bd3 Bg7 8. b4 a5 9. bxa5 Qxa5 10. Bd2 b4 11. Ne2 Qa3 12. Bc1 Qa5 13. 0-0 Ba6 14. Bxa6 Nxa6 15. a3 Ne4 16. Bd2 Nxd2 17. Qxd2 0-0 18. axb4 Qxb4 19. Qxb4 Nxb4 20. Rfb1 Rxa1 21. Rxa1 Nd3 22. Ra6 Rc8 23. Nf4 Nxf4 24. exf4 Bf6 25. Kf1 Kf8 26. Ke2 Ke8 27. Kd3 Kd7 28. Kc3 Rc7 29. Nd2 h6 30. Nb3 g5 31. fxg5 hxg5 32. h3 e5 33. dxe5 Bxe5+ 34. Kd3 Bf6 35. Ra8 Rb7 36. Na5 Rb2 37. Ra7+ Ke6 38. Nxc6 Rb3+ 39. Kc2 Rc3+ 40. Kd1 Rxc5 41. Ra6 Bc3 42. Nd4+ Kd7 43. Ra7+ Kd6 44. Nf5+ Ke6 45. Nh6 f6 46. Ra6+ Kd7 47. Ng4 Ke7 1/2-1/2

[Event "CRO-ch"]
[Site "Kutina"]
[Date "2006.11.20"]
[Round "10.5"]
[White "Bukal, Vladimir Sr"]
[Black "Brkic, Ante"]
[Result "0-1"]
[WhiteElo "2426"]
[BlackElo "2541"]
[PlyCount "88"]
[EventDate "2006.11.11"]
[EventType "tourn"]
[EventRounds "11"]
[EventCountry "CRO"]
[EventCategory "11"]
[SourceTitle "EXT 2007"]
[Source "ChessBase"]
[SourceDate "2006.11.23"]
[SourceVersion "1"]
[SourceVersionDate "2006.11.23"]
[SourceQuality "1"]

1. c4 c5 2. Nc3 Nc6 3. g3 g6 4. Bg2 Bg7 5. e3 Nh6 6. Nge2 Nf5 7. d3 0-0 8. 0-0 d6 9. b3 Bd7 10. Bb2 a6 11. Qd2 Rb8 12. Ne4 e5 13. N4c3 h5 14. Nd5 h4 15. g4 h3 16. Bxh3 Qh4 17. Kg2 Nh6 18. f3 f5 19. Qe1 Qxe1 20. Raxe1 Nxg4 21. fxg4 fxg4 22. Bxg4 Bxg4 23. Ng3 Be6 24. Nc7 Bd7 25. Bc3 Ne7 26. Nd5 Nxd5 27. cxd5 Rxf1 28. Rxf1 Bf8 29. Kf3 Be7 30. Ke2 a5 31. Kd2 b5 32. Ne4 b4 33. Bb2 Bf5 34. Ng3 Bh3 35. Rf2 a4 36. Kc2 a3 37. Bc1 Rf8 38. Rxf8+ Kxf8 39. e4 Kf7 40. Be3 Bh4 41. Kd2 Kf6 42. Ke1 Bg5 43. Bg1 Bd7 44. Bf2 Ba4 0-1

[Event "Wch Seniors 16th"]
[Site "Arvier"]
[Date "2006.09.22"]
[Round "11"]
[White "Bukal, Vladimir Sr"]
[Black "Kortschnoj, Viktor Lvovich"]
[Result "1/2-1/2"]
[WhiteElo "2414"]
[BlackElo "2600"]
[PlyCount "36"]
[EventDate "2006.09.11"]
[EventType "swiss"]
[EventRounds "11"]
[EventCountry "ITA"]
[SourceTitle "CBM 114 Extra"]
[Source "ChessBase"]
[SourceDate "2006.11.03"]
[SourceVersion "1"]
[SourceVersionDate "2006.11.03"]
[SourceQuality "1"]

1. c4 Nf6 2. Nc3 e5 3. Nf3 Nc6 4. g3 Bb4 5. Bg2 0-0 6. 0-0 Re8 7. d3 Bxc3 8. bxc3 e4 9. Nd4 exd3 10. exd3 h6 11. Re1 Rxe1+ 12. Qxe1 Nxd4 13. cxd4 d5 14. cxd5 Nxd5 15. Bxd5 Qxd5 16. Qe8+ Kh7 17. Qe4+ Qxe4 18. dxe4 Bg4 1/2-1/2

[Event "Wch Seniors 16th"]
[Site "Arvier"]
[Date "2006.09.21"]
[Round "10"]
[White "Jakobsen, Ole"]
[Black "Bukal, Vladimir Sr"]
[Result "0-1"]
[WhiteElo "2387"]
[BlackElo "2414"]
[PlyCount "120"]
[EventDate "2006.09.11"]
[EventType "swiss"]
[EventRounds "11"]
[EventCountry "ITA"]
[SourceTitle "CBM 114 Extra"]
[Source "ChessBase"]
[SourceDate "2006.11.03"]
[SourceVersion "1"]
[SourceVersionDate "2006.11.03"]
[SourceQuality "1"]

1. d4 d5 2. Nf3 Nf6 3. c4 c6 4. Nc3 a6 5. a4 e6 6. g3 dxc4 7. Bg2 c5 8. dxc5 Qxd1+ 9. Nxd1 Nc6 10. Be3 Nd5 11. 0-0 Bd7 12. Nd2 Na5 13. Bd4 Rc8 14. e4 Nb4 15. Ne3 f6 16. e5 Bxc5 17. Bxc5 Rxc5 18. exf6 gxf6 19. Ne4 Rc7 20. Nxf6+ Ke7 21. Nxd7 Rxd7 22. Rfd1 Nd3 23. Rab1 Rhd8 24. Bf1 b5 25. axb5 axb5 26. Bxd3 Rxd3 27. Rxd3 Rxd3 28. Rd1 Rb3 29. Rd2 Nc6 30. Kf1 Ne5 31. Ke2 Nd3 32. Nd1 Kd6 33. Kf3 Kd5 34. Kg4 Kd4 35. Kh5 b4 36. Kh6 Kc5 37. Kxh7 Nxb2 38. Nxb2 Rxb2 39. Rxb2 c3 40. Rb1 c2 41. Rc1 b3 42. g4 Kd4 43. Kh8 Kc3 44. g5 b2 45. Rxc2+ Kxc2 46. g6 b1Q 47. g7 Qa1 48. Kh7 Qa7 49. Kg6 Qa8 50. Kf7 Qf3+ 51. Kxe6 Qg2 52. Kf7 Qxf2+ 53. Kg6 Qg2+ 54. Kf7 Qd5+ 55. Kf6 Kd3 56. h4 Ke4 57. h5 Kf4 58. h6 Qg8 59. Kg6 Kg4 60. h7 Qe6# 0-1

[Event "Wch Seniors 16th"]
[Site "Arvier"]
[Date "2006.09.16"]
[Round "6"]
[White "Klundt, Klaus"]
[Black "Bukal, Vladimir Sr"]
[Result "1/2-1/2"]
[WhiteElo "2380"]
[BlackElo "2414"]
[PlyCount "122"]
[EventDate "2006.09.11"]
[EventType "swiss"]
[EventRounds "11"]
[EventCountry "ITA"]
[SourceTitle "CBM 114 Extra"]
[Source "ChessBase"]
[SourceDate "2006.11.03"]
[SourceVersion "1"]
[SourceVersionDate "2006.11.03"]
[SourceQuality "1"]

1. e4 e6 2. Qe2 c5 3. Nf3 Nc6 4. g3 g6 5. Bg2 Bg7 6. d3 Nge7 7. c3 d6 8. 0-0 0-0 9. Rd1 e5 10. Na3 f5 11. Nc4 b5 12. Ne3 f4 13. Nd5 Rb8 14. h3 fxg3 15. fxg3 h6 16. Nxe7+ Qxe7 17. Be3 Be6 18. d4 exd4 19. cxd4 Rxf3 20. Qxf3 Nxd4 21. Bxd4 Bxd4+ 22. Rxd4 cxd4 23. Qf4 g5 24. Qf2 Qg7 25. a4 Rf8 26. Qd2 Qe5 27. g4 Bc4 28. axb5 d3 29. Qc3 Qxc3 30. bxc3 Bxb5 31. e5 dxe5 32. Bd5+ Kh8 33. c4 Be8 34. Be4 d2 35. Rd1 Bf7 36. Rxd2 Bxc4 37. Rc2 Bf7 38. Rc7 a6 39. Re7 Kg7 40. Ra7 Rd8 41. Rxa6 Rd4 42. Bf5 Rd2 43. Ra7 Rd6 44. Kf2 Kf6 45. Ke3 h5 46. Ra1 Rb6 47. Bd3 h4 48. Rf1+ Ke7 49. Rf5 Rb3 50. Rxe5+ Kd6 51. Rb5 Ra3 52. Kd4 Ra4+ 53. Ke3 Bd5 54. Rb6+ Kc7 55. Rg6 Bg2 56. Rxg5 Bxh3 57. Rh5 Rxg4 58. Bf5 Rg3+ 59. Kf4 Bxf5 60. Rxh4 Rh3 61. Rxh3 Bxh3 1/2-1/2

[Event "Velika Gorica op 6th"]
[Site "Velika Gorica"]
[Date "2006.08.20"]
[Round "2"]
[White "Kalajzic, Ivan"]
[Black "Bukal, Vladimir Sr"]
[Result "0-1"]
[WhiteElo "2223"]
[BlackElo "2414"]
[PlyCount "106"]
[EventDate "2006.08.19"]
[EventType "swiss"]
[EventRounds "9"]
[EventCountry "CRO"]
[SourceTitle "CBM 113 Extra"]
[Source "ChessBase"]
[SourceDate "2006.09.14"]
[SourceVersion "1"]
[SourceVersionDate "2006.09.14"]
[SourceQuality "1"]

1. d4 d5 2. Nc3 Nf6 3. Bg5 Nbd7 4. f3 h6 5. Bxf6 Nxf6 6. e4 e6 7. Bd3 c5 8. exd5 Nxd5 9. Nxd5 Qxd5 10. Bb5+ Bd7 11. Bxd7+ Qxd7 12. Ne2 Rd8 13. c3 cxd4 14. Nxd4 Bc5 15. Nb3 Qa4 16. Qe2 Bb6 17. Qe4 Qxe4+ 18. fxe4 Rd3 19. Nd2 Re3+ 20. Kd1 Ke7 21. Re1 Rd8 22. Kc2 Red3 23. Nc4 Bc7 24. h3 b5 25. Ne3 Rd2+ 26. Kb3 Bf4 27. a4 bxa4+ 28. Rxa4 Rb8+ 29. Kc4 Rb7 30. b4 Rc7+ 31. Kb3 Rd3 32. Nd1 Be5 33. b5 Bxc3 34. Re3 Rxd1 35. Rxc3 Rb1+ 36. Kc2 Rxc3+ 37. Kxc3 Rxb5 38. Rxa7+ Kf6 39. Ra2 Ke5 40. Ra7 Kxe4 41. Rxf7 Rg5 42. g4 Ke3 43. Kc2 Ke2 44. Kc3 e5 45. Kc4 Ke3 46. Kd5 e4+ 47. Kc4 Rg6 48. Re7 Kf3 49. Rf7+ Rf6 50. Rxg7 e3 51. Re7 e2 52. Kd3 Rd6+ 53. Kc4 Rd1 0-1

[Event "AUT-chT2M 0506"]
[Site "Austria"]
[Date "2005.11.06"]
[Round "4.5"]
[White "Jeric, Simon"]
[Black "Bukal, Vladimir Sr"]
[Result "0-1"]
[WhiteElo "2327"]
[BlackElo "2382"]
[PlyCount "96"]
[EventDate "2005.10.08"]
[EventType "team"]
[EventRounds "11"]
[EventCountry "AUT"]
[SourceTitle "EXT 2006"]
[Source "ChessBase"]
[SourceDate "2005.11.24"]
[SourceVersion "1"]
[SourceVersionDate "2005.11.24"]
[SourceQuality "1"]
[WhiteTeam "Feffernitz"]
[BlackTeam "Trofaiach Niklasdorf"]
[WhiteTeamCountry "AUT"]
[BlackTeamCountry "AUT"]

1. e4 e6 2. d4 d5 3. e5 c5 4. c3 Nc6 5. Nf3 Bd7 6. a3 a5 7. Bd3 Qb6 8. Bc2 h5 9. 0-0 Nh6 10. Re1 Be7 11. h3 Nf5 12. Bxf5 exf5 13. dxc5 Bxc5 14. Be3 Bxe3 15. Rxe3 Qxb2 16. Nbd2 Qb6 17. c4 d4 18. Rb1 Qc7 19. Reb3 Rb8 20. Nf1 0-0 21. Nxd4 Nxe5 22. Qxh5 f4 23. Nb5 Qc5 24. Rd1 Bc6 25. Qe2 Rfe8 26. Qc2 Nxc4 27. Nd6 Qg5 28. g3 Nxd6 29. Rxd6 Ba4 30. Qb2 Bxb3 31. Qxb3 fxg3 32. Nxg3 Re1+ 33. Kg2 Qe5 34. Rb6 Qc5 35. a4 Ra1 36. Ne4 Qc1 37. Rxb7 Qh1+ 38. Kg3 Rg1+ 39. Kf4 Qh2+ 40. Ke3 Qxh3+ 41. f3 Qh6+ 42. Kf2 Qh2+ 43. Ke3 Re1+ 44. Kd4 Qg1+ 45. Ke5 Qg5+ 46. Kd6 Qd8+ 47. Ke5 Qf6+ 48. Kd5 Qe6+ 0-1

[Event "CRO-chT"]
[Site "Sibenik"]
[Date "2005.10.06"]
[Round "8.5"]
[White "Jovanic, Ognjen"]
[Black "Bukal, Vladimir Sr"]
[Result "1/2-1/2"]
[WhiteElo "2469"]
[BlackElo "2419"]
[PlyCount "46"]
[EventDate "2005.10.01"]
[EventType "team"]
[EventRounds "11"]
[EventCountry "CRO"]
[SourceTitle "CBM 108 Extra"]
[Source "ChessBase"]
[SourceDate "2005.11.04"]
[SourceVersion "1"]
[SourceVersionDate "2005.11.04"]
[SourceQuality "1"]

1. d4 d5 2. c4 c6 3. Nc3 Nf6 4. e3 a6 5. Nf3 e6 6. Qc2 c5 7. a3 dxc4 8. Bxc4 b5 9. Ba2 cxd4 10. exd4 Bb7 11. Qe2 Be7 12. 0-0 0-0 13. Bg5 Nbd7 14. Rad1 Nb6 15. Ne5 Nbd5 16. Rd3 Nxc3 17. bxc3 Ne4 18. Bxe7 Qxe7 19. Rh3 f6 20. Qh5 Ng5 21. Rg3 Ne4 22. Rh3 Ng5 23. Rg3 Ne4 1/2-1/2

[Event "CRO-chT"]
[Site "Sibenik"]
[Date "2005.10.05"]
[Round "6.4"]
[White "Jovanovic, Zoran"]
[Black "Bukal, Vladimir Sr"]
[Result "1/2-1/2"]
[WhiteElo "2520"]
[BlackElo "2419"]
[PlyCount "33"]
[EventDate "2005.10.01"]
[EventType "team"]
[EventRounds "11"]
[EventCountry "CRO"]
[SourceTitle "CBM 108 Extra"]
[Source "ChessBase"]
[SourceDate "2005.11.04"]
[SourceVersion "1"]
[SourceVersionDate "2005.11.04"]
[SourceQuality "1"]

1. e4 e6 2. Qe2 b6 3. Nf3 Bb7 4. g3 d5 5. e5 Nh6 6. Bg2 Nf5 7. d3 a5 8. a4 Na6 9. 0-0 Nc5 10. Rd1 d4 11. Nbd2 Qd7 12. b3 h5 13. h4 Be7 14. Ne4 0-0-0 15. Bg5 Na6 16. Rac1 Nb4 17. c3 1/2-1/2

[Event "CRO-chT"]
[Site "Sibenik"]
[Date "2005.10.02"]
[Round "3.3"]
[White "Bukal, Vladimir Sr"]
[Black "Fercec, Nenad"]
[Result "1/2-1/2"]
[WhiteElo "2419"]
[BlackElo "2512"]
[PlyCount "28"]
[EventDate "2005.10.01"]
[EventType "team"]
[EventRounds "11"]
[EventCountry "CRO"]
[SourceTitle "CBM 108 Extra"]
[Source "ChessBase"]
[SourceDate "2005.11.04"]
[SourceVersion "1"]
[SourceVersionDate "2005.11.04"]
[SourceQuality "1"]

1. c4 e5 2. Nc3 Bb4 3. g3 Bxc3 4. bxc3 d6 5. Bg2 Nc6 6. d3 Nge7 7. Nf3 0-0 8. 0-0 h6 9. Ne1 Be6 10. Nc2 Qd7 11. Nb4 Bh3 12. Nd5 Bxg2 13. Kxg2 f5 14. Rb1 b6 1/2-1/2

[Event "Velika Gorica op 5th"]
[Site "Velika Gorica"]
[Date "2005.08.27"]
[Round "9"]
[White "Martinovic, Sasa"]
[Black "Bukal, Vladimir Sr"]
[Result "1/2-1/2"]
[WhiteElo "2139"]
[BlackElo "2416"]
[PlyCount "80"]
[EventDate "2005.08.20"]
[EventType "swiss"]
[EventRounds "9"]
[EventCountry "CRO"]
[SourceTitle "CBM 108 Extra"]
[Source "ChessBase"]
[SourceDate "2005.11.04"]
[SourceVersion "1"]
[SourceVersionDate "2005.11.04"]
[SourceQuality "1"]

1. Nf3 d5 2. g3 c6 3. Bg2 Bg4 4. d3 Nf6 5. 0-0 Nbd7 6. Nbd2 e5 7. e4 Bd6 8. h3 Bh5 9. Qe1 0-0 10. Nh4 Re8 11. Nf5 Bf8 12. a4 a5 13. Nb3 dxe4 14. dxe4 Nc5 15. Nxc5 Bxc5 16. Bg5 Re6 17. g4 Bg6 18. Qe2 Qb6 19. Qc4 Nd7 20. Rad1 Nf8 21. Rd3 f6 22. Be3 Bxe3 23. Nxe3 Bf7 24. Qc3 Ng6 25. Nc4 Qc5 26. Ne3 Qxc3 27. bxc3 Nf4 28. Rd7 Ne2+ 29. Kh2 Nxc3 30. Rxb7 Nxa4 31. Nc4 Nc5 32. Rc7 a4 33. Ra1 Kf8 34. Nb6 Ra6 35. Nc8 Ra8 36. Nb6 Ra5 37. Bf1 Nxe4 38. Nc4 Ra8 39. Nb6 Ra5 40. Nc4 Ra8 1/2-1/2

[Event "Velika Gorica op 5th"]
[Site "Velika Gorica"]
[Date "2005.08.25"]
[Round "7"]
[White "Bender, Ivan"]
[Black "Bukal, Vladimir Sr"]
[Result "0-1"]
[WhiteElo "2275"]
[BlackElo "2416"]
[PlyCount "74"]
[EventDate "2005.08.20"]
[EventType "swiss"]
[EventRounds "9"]
[EventCountry "CRO"]
[SourceTitle "CBM 108 Extra"]
[Source "ChessBase"]
[SourceDate "2005.11.04"]
[SourceVersion "1"]
[SourceVersionDate "2005.11.04"]
[SourceQuality "1"]

1. d4 d5 2. c4 c6 3. Nf3 Nf6 4. Nc3 a6 5. c5 Bf5 6. Bf4 Nh5 7. Bd2 Nd7 8. h3 Nhf6 9. Bf4 h6 10. Bh2 g5 11. e3 Bg7 12. b4 0-0 13. Bd3 Bxd3 14. Qxd3 a5 15. b5 Ne4 16. Nxe4 dxe4 17. Qxe4 Nxc5 18. Qc2 Qd5 19. Rc1 Ne6 20. bxc6 bxc6 21. 0-0 Rfc8 22. Rfd1 c5 23. e4 Qb7 24. d5 Nd4 25. Qc4 Nxf3+ 26. gxf3 Qd7 27. h4 Bd4 28. hxg5 hxg5 29. Qf1 f5 30. Qh3 Kg7 31. exf5 Qxd5 32. Re1 Rh8 33. Qg4 Bxf2+ 34. Kh1 Bxe1 35. Rxe1 Rxh2+ 36. Kg1 Qd2 37. Qg3 Rg2+ 0-1

[Event "Velika Gorica op 5th"]
[Site "Velika Gorica"]
[Date "2005.08.21"]
[Round "2"]
[White "Bukal, Vladimir Sr"]
[Black "Matic, Zeljko"]
[Result "1-0"]
[WhiteElo "2416"]
[BlackElo "2197"]
[PlyCount "85"]
[EventDate "2005.08.20"]
[EventType "swiss"]
[EventRounds "9"]
[EventCountry "CRO"]
[SourceTitle "CBM 108 Extra"]
[Source "ChessBase"]
[SourceDate "2005.11.04"]
[SourceVersion "1"]
[SourceVersionDate "2005.11.04"]
[SourceQuality "1"]

1. c4 b6 2. Nc3 Bb7 3. e4 e6 4. a3 g6 5. d4 Bg7 6. Nf3 Ne7 7. Bd3 0-0 8. h4 h6 9. Bf4 f5 10. Qd2 Kh7 11. d5 Na6 12. exf5 gxf5 13. Bc2 Ng6 14. Be3 c5 15. h5 Nh8 16. g4 Qe7 17. Nh4 Qf6 18. gxf5 exd5 19. cxd5 Rae8 20. Ne4 Rxe4 21. Bxe4 Re8 22. f3 Nf7 23. Kf2 Nd6 24. Bd3 c4 25. Bc2 Rxe3 26. Qxe3 Qxb2 27. Qe2 Qd4+ 28. Qe3 Qb2 29. Qe2 Bf6 30. Rab1 Qxa3 31. Rbg1 Qc5+ 32. Kf1 c3 33. Qf2 Qxf2+ 34. Kxf2 Nb4 35. Rg6 Bd4+ 36. Ke2 Ba6+ 37. Kd1 Nc4 38. f6 Ne3+ 39. Kc1 Bxf6 40. Rxf6+ Nexc2 41. Nf5 Bd3 42. Rxh6+ Kg8 43. Rg1+ 1-0